| 000 | 01163nac a22003251u 4500 | ||
|---|---|---|---|
| 003 | EG-ScBUE | ||
| 005 | 20220608105250.0 | ||
| 008 | 200219r20092000enka f 000 0 eng d | ||
| 020 | _a0194369366 | ||
| 020 | _a9780194369367 | ||
| 040 |
_aEG-ScBUE _beng _erda _cEG-ScBUE _dEG-ScBUE |
||
| 082 | 0 | 4 |
_a428.24 _bCAS _222 |
| 100 | 1 |
_aCastle, Matt, _eauthor. _941873 |
|
| 245 | 1 | 0 |
_aNew headway English course : _bpre-intermediate, _pTeacher`s resource book / _cMatt Castle, John and Liz Soars. |
| 246 | 3 | 0 | _aTeacher`s resource book |
| 250 | _aReprinted edition. | ||
| 264 | 1 |
_aOxford : _bOxford University Press, _c2009. |
|
| 300 |
_a79 pages : _billustrations ; _c28 cm |
||
| 336 |
_2rdacontent _atext _btxt |
||
| 337 |
_2rdamedia _aunmediated _bn |
||
| 338 |
_2rdacarrier _avolume _bnc |
||
| 650 | 7 |
_aEnglish language _vTextbooks for foreign speakers. _2BUEsh |
|
| 650 | 7 |
_aEnglish language _xGrammar _vProblems, exercises, etc. _2BUEsh |
|
| 651 | _2BUEsh | ||
| 653 | _bHHUUEENN | ||
| 655 |
_vReading book _934232 |
||
| 700 | 1 |
_aSoars, John,â _d1951- _eauthor. _934639 |
|
| 700 | 1 |
_aSoars, Liz,â ââĦd _d1945- _eauthor. _934639 |
|
| 942 |
_cTR _2ddc |
||
| 999 |
_c4622 _d4622 |
||